Ekonomická štatistika

Enregistré dans:
Détails bibliographiques
Auteur principal: Sodomová, Eva
Collectivité auteur: Vysoká škola ekonomická v Bratislave. Fakulta riadenia
Autres auteurs: Wittmannová, Zuzana
Format: Livre
Langue:slovaque
Publié: Bratislava VŠE 1988
Édition:2. vyd.
Tags: Ajouter un tag
Pas de tags, Soyez le premier à ajouter un tag!

MARC

LEADER 00000nam a2200000 4500
001 c024987
005 20230116100417.2
041 0 |a slo 
044 |a SK 
245 1 0 |a Ekonomická štatistika  |c Eva Sodomová, Zuzana Wittmannová 
250 |a 2. vyd. 
264 1 |a Bratislava  |b VŠE  |c 1988 
300 |a 180 s. 
100 1 |a Sodomová, Eva 
700 1 |a Wittmannová, Zuzana 
710 2 |a Vysoká škola ekonomická v Bratislave. Fakulta riadenia